Trouve le pays avec les lettres dans le désordre - Statistiques

Statistiques générales
  • Ce quiz a été pris 415 fois
  • Le résultat moyen est 13 sur 15
Statistiques - réponses
Nom du pays dans le désordre Nom du pays % Correct
Éianst-tus Etats-Unis
98%
Trqeuui Turquie
98%
Pnoja Japon
97%
Uugauyr Uruguay
93%
Plooegn Pologne
92%
Gobna Gabon
90%
Rimaeonu Roumanie
86%
Zvnéeulaé Vénézuela
84%
Nceih Chine
83%
Cenfar France
82%
Zkobéstauin Ouzbékistan
81%
Paegsne Espagne
79%
S-ybpaas Pays-bas
76%
Xuqimee Mexique
74%
Noeesti Estonie
70%
Aucun quiz correspondant
Distribution des résultats
% des personnes avec chaque résultat
Percentile par nombre de réponses
Votre historique - résultats
Vous n’avez pas pris ce quiz